Las etapas del pensamiento sociológico / (Record no. 26168)

MARC details
000 -LEADER
campo de control de longitud fija 00704nam a2200205 i 4500
001 - NÚMERO DE CONTROL
campo de control 26168
003 - IDENTIFICADOR DE NÚMERO DE CONTROL
campo de control ES-MaACL
005 - FECHA Y HORA DE LA ÚLTIMA TRANSACCIÓN
campo de control 20251015063044.0
007 - CAMPO FIJO DE DESCRIPCIÓN FÍSICA--INFORMACIÓN GENERAL
campo de control de longitud fija t|
008 - DATOS DE LONGITUD FIJA--INFORMACIÓN GENERAL
campo de control de longitud fija 030108s1981 ag ||||1| spa d
100 1# - ENTRADA PRINCIPAL--NOMBRE DE PERSONA
Nombre de persona Aron, Raymond,
Fechas asociadas al nombre 1905-1983
9 (RLIN) 23155
245 14 - MENCIÓN DEL TÍTULO
Título Las etapas del pensamiento sociológico /
Mención de responsabilidad, etc. Raymond Aron ; [traducción de Anibal León].
260 ## - PUBLICACIÓN, DISTRIBUCIÓN, ETC.
Lugar de publicación, distribución, etc. Buenos Aires :
Nombre del editor, distribuidor, etc. Siglo Veinte,
Fecha de publicación, distribución, etc. 1981.
300 ## - DESCRIPCIÓN FÍSICA
Extensión 2 v. ;
Dimensiones 20 cm.
505 8# - NOTA DE CONTENIDO CON FORMATO
Nota de contenido con formato Contiene: I. Montesquieu, Comte, Marx, Tocqueville. -- II. Durkheim, Pareto, Weber.
650 #4 - PUNTO DE ACCESO ADICIONAL DE MATERIA--TÉRMINO DE MATERIA
Término de materia o nombre geográfico como elemento de entrada Sociología-
Subdivisión de forma Historia.
9 (RLIN) 17200
700 1# - ENTRADA AGREGADA--NOMBRE PERSONAL
Nombre de persona León, Anibal.
9 (RLIN) 71567
852 ## - LOCALIZACIÓN
Ubicación ES-MaACL
Número de control de estantería L-8458-9
Sublocalización o colección R.109065
Holdings
Estatus retirado Estado de pérdida Estado de daño No para préstamo Biblioteca de origen Biblioteca actual Ubicación en estantería Fecha de adquisición Fuente de adquisición Total de préstamos Signatura topográfica completa Código de barras Visto por última vez Precio de reemplazo Tipo de ítem Koha
        Biblioteca del Ateneo de Madrid Biblioteca del Ateneo de Madrid Depósito 2 17/01/2008     L-8458-9 1027005 23/02/2023 23/02/2023 Libro impreso